| 000 | 01298nam a22003977a 4500 | ||
|---|---|---|---|
| 001 | 563069 | ||
| 003 | OSt | ||
| 005 | 20210426095531.0 | ||
| 008 | 890412s1989 nyu b 000 0 eng | ||
| 010 | _a 89007808 | ||
| 020 | _a0385249462 (alk. paper) | ||
| 040 |
_aDLC _cDLC _dDLC _beng |
||
| 041 | _aeng | ||
| 043 |
_ae-ur--- _ae-gx--- _an-us--- |
||
| 050 | 0 | 0 |
_aUB271.R92 _bH477 1989 |
| 080 |
_a821.111 _bS-86 |
||
| 082 | 0 | 0 |
_a364.1/68/0973 _220 |
| 100 | 1 | _aStoll, Clifford. | |
| 245 | 1 | 4 |
_aThe cuckoo's egg : _btracking a spy through the maze of computer espionage / _c/ by: Doubleday |
| 250 | _a1st edition | ||
| 260 |
_aNew York _bDoubleday _cc1989. |
||
| 300 |
_avi, 326 p. _c25 cm. |
||
| 365 | _b19.95 usd | ||
| 504 | _aBibliography: p. 325-326. | ||
| 600 | 1 | 0 | _aHess, Markus. |
| 600 | 1 | 0 | _aStoll, Clifford. |
| 650 | 0 |
_aEspionage, Soviet _zUnited States. |
|
| 650 | 0 |
_aEnglish literature _9247 |
|
| 650 | 0 |
_aEspionage, Soviet _zGermany _zHannover. |
|
| 650 | 0 |
_aDefense information, Classified _zUnited States _xDatabases. |
|
| 650 | 0 |
_aComputer crimes _zUnited States. |
|
| 650 | 0 |
_aComputer crimes _zGermany _zHannover. |
|
| 653 | _aინგლისური ლიტერატურა | ||
| 906 |
_a7 _bcbc _corignew _d1 _eocip _f19 _gy-gencatlg |
||
| 942 |
_2udc _cBK _e1 |
||
| 999 |
_c1309 _d1309 |
||